01200nam a2200313Ia 4500001001200000003000800012006001900020007001500039008004100054020001800095020001800113040002100131035002100152050002200173082001600195100001800211245009300229260006800322300001400390490004600404504004100450533015200491650002600643650002600669655002900695710001700724856012600741999001900867ebr10729383CaPaEBRm o u cr cn|||||||||111006s1998 dcu sb 000 0 eng d z9780883856130 z9780883859285 aCaPaEBRcCaPaEBR a(OCoLC)85708176914aQA22b.A23 1998eb04a510.9012231 aAaboe, Asger.10aEpisodes from the early history of mathematicsh[electronic resource] /cby Asger Aaboe. aWashington, D.C. :bMathematical Association of America,c1998. ax, 133 p.0 aAnneli Lax New Mathematical Library ;v13 aIncludes bibliographical references. aElectronic reproduction.bPalo Alto, Calif. :cebrary,d2013.nAvailable via World Wide Web.nAccess may be limited to ebrary affiliated libraries. 0aMathematicsxHistory. 0aMathematics, Ancient. 7aElectronic books.2local2 aebrary, Inc.40uhttp://site.ebrary.com/lib/rucke/Doc?id=10729383zAn electronic book accessible through the World Wide Web; click to view c151678d151678